Normale Ansicht MARC-Ansicht ISBD

Brückenwege nach Europa : (Titelsatznr. 9971)

[ MARC ]
MARC-Details
000 -Satzkennung
Kontrollfeld mit fester Länge 00559nam a22002051c 4500
001 - Kontrollnummer
Kontrollfeld 00168809885
008 - Feld mit fester Länge zur physischen Beschreibung - Allgemeine Angaben
Kontrollfeld mit fester Länge 060428s2003 gw |||| 000u ger d
020 ## - Internationale Standardbuchnummer
Internationale Standardbuchnummer 3895411620
Verknüpfung 3-89541-162-0
041 ## - Sprachcode
Sprachcode des Textes/der Tonspur oder des separaten Titels ger
040 ## - Katalogisierungsquelle
Übertragungsstelle RU-10907106
003 - Kontrollnummer Identifier
Kontrollfeld RU-10907106
100 1# - Haupteintragung - Personenname
Personenname Thadden, Rudolf von
245 00 - Titel
Titel Brückenwege nach Europa :
Zusatz zum Titel Aufsätze und Essays /
Verfasserangabe etc. Rudolf von Thadden
264 ## - Produktion, Veröffentlichung, Distribution, Herstellung und Urheberrechtsvermerk
Herstellungs-, Veröffentlichungs- Vertriebs-, Erzeugungsort Berlin :
Produzent, Herausgeber, Distributor, Hersteller Schelzky & Jeep,
Datum der Herstellung, der Veröffentlichung, des Vertriebs oder des Urheberschutzvermerks 2003
300 ## - Physische Beschreibung
Umfang 320 S. : 21 cm
650 #0 - Nebeneintragung unter einem Schlagwort - Sachschlagwort
Sachschlagwort oder geografischer Name als Eintragungselement Politische Identität
651 #0 - Nebeneintragung unter einem Schlagwort - Geografischer Name
Geografischer Name Deutschland
651 #0 - Nebeneintragung unter einem Schlagwort - Geografischer Name
Geografischer Name Frankreich
942 ## - Zusätzliche Felder (Koha)
Koha-Medientyp Monographien
Exemplare
Ausgeschieden Verloren Klassifikation oder Aufstellungssystematik Beschädigt Nicht entleihbar Heimatbibliothek Aufenthaltsbibliothek Aufstellungsort Erwerbungsdatum Inventarnummer Signatur Barcode Letzte Aktivität Preis gültig von Koha-Medientyp
    Andere/Generische Klassifikation     MWN Osteuropa MWN Osteuropa Lesesaal - 1 28/04/2006 05-05148 D 50 u Tha E00401506CBF5448 22/02/2021 22/03/2021 Monographien